000 00765nam a22001937a 4500
008 140828t cl||||| |||| 00| 0 spa d
020 _a9789587103540
050 0 4 _aK3240
_bA68 2009
245 0 0 _aApuntes sobre el sistema interamericano /
_cPaola Andrea Acosta Alvarado... [ed. al]; Instituto de estudios constitucionales Carlos Restrepo Piedrahita
250 _a1a ed.
260 _aColombia :
_bUniversidad Externado,
_c2009
300 _a151 p. ;
_c18 cm.
490 0 _a79 temas de derecho público
504 _aIncluye bibliografias e índice
650 7 _2LEMB
_aDerechos humanos
_xDerecho a la educación
700 1 _aAcosta Alvarado, Paola Andrea, col.
710 1 _aInstituto de estudios constitucionales Carlos Restrepo Piedrahita
942 _2ddc
_cLIB
999 _c77581
_d77581